| 000 | 00477nam a2200157 i 4500 | ||
|---|---|---|---|
| 001 | 57729 | ||
| 003 | ES-MaACL | ||
| 005 | 20230906163631.0 | ||
| 007 | t| | ||
| 008 | 031017s1962 sp ||||1| cat d | ||
| 100 | 1 |
_aDraper, John William. _945590 |
|
| 245 | 1 | 0 |
_aClaror d'Assis _b: narracions franciscanes / _cJohn William Draper. |
| 260 |
_aArenys de Mar : _b[s.n., _c1962] ( _fcomercial i arts grafiques) |
||
| 300 |
_a95 p. ; _c24 cm. |
||
| 852 |
_aES-MaACL _jC-22455 _bR.50943 |
||
| 999 |
_c57729 _d57729 |
||